Blgarska muzika
| Format: | Serial |
|---|---|
| Language: | Bulgarian |
| PhysicalDescription: | zv. cm |
| Published: |
Sofia
Organ na sjuza na blgarskite kompozitori i na komiteta za kultura
|
MARC
| LEADER | 00000cas a2200000 a 4500 | ||
|---|---|---|---|
| 001 | vtls009288540 | ||
| 003 | SK-MaSNL | ||
| 005 | 20260221121407.0 | ||
| 008 | 080423duuuuuuuubu mr1 0 0bul c | ||
| 040 | |a SNK |b slo |c SNK |e AACR2 | ||
| 041 | 0 | |a bul | |
| 044 | |a bu |c BG | ||
| 245 | 0 | 0 | |a Blgarska muzika |
| 260 | |a Sofia |b Organ na sjuza na blgarskite kompozitori i na komiteta za kultura | ||
| 300 | |a zv. |c cm | ||
| 310 | |a 1x mesačne | ||
| 910 | |a snk | ||
| 999 | |c 7560 |d 9490 | ||
| 952 | |0 0 |1 1 |4 0 |7 0 |8 4 |a SNK |b SNK |d 2008-04-23 |i snkČZK 2941/92 |l 0 |o snkČB 641/41/1990 |p 17A0585349 |r 2026-02-21 21:01:23 |t č. 1-10 + obsah |w 2026-02-21 |y PREZ | ||


